Inflow-implicit/outflow-explicit metódy riešenia parciálnych diferenciálnych rovníc na nerovnomernych sieťach

Guardado en:
Detalles Bibliográficos
Autor principal: Hrapková, Lenka (Autor)
Otros Autores: Mikula, Karol (Orientador)
Formato: Manuscrito Libro
Lenguaje:eslovaco
Publicado: 2018
Materias:
Acceso en línea:http://is.stuba.sk/zp/portal_zp.pl?podrobnosti=136569
https://opac.crzp.sk/?fn=detailBiblioForm&sid=BCB1C6D618A1774C89DAC75E7FBF
Etiquetas: Agregar Etiqueta
Sin Etiquetas, Sea el primero en etiquetar este registro!

MARC

LEADER 00000ntm a22000003a 4500
001 stuzp69518
003 SK-STU
005 20230621111815.3
007 ta
008 150427s2015----xo-----f-mn---000-0-slo-d
040 |a STU  |b slo 
041 0 |a slo 
100 1 |a Hrapková, Lenka  |u 010220  |4 aut  |U SvF Stavebná fakulta  |T SvF Katedra matematiky a deskriptívnej geometrie  |X 63355  |U V220  |Y 23  |7 63355 
242 0 1 |a Inflow-implicit/outflow-explicit methods for solving partial differential equations on nonuniform grids  |y eng 
245 1 0 |a Inflow-implicit/outflow-explicit metódy riešenia parciálnych diferenciálnych rovníc na nerovnomernych sieťach 
260 |c 2018 
650 4 |a metóda diamond cell  |2 slo 
650 4 |a nerovnomerná sieť  |2 slo 
650 4 |a metóda konečných objemov  |2 slo 
650 4 |a rovnica advekcie  |2 slo 
650 4 |a explicitná metóda  |2 slo 
650 4 |a priama implicitno-explicitná metóda  |2 slo 
650 4 |a nepriama-iteračná semi-implicitná metóda  |2 slo 
650 4 |a bilineárna interpolácia  |2 slo 
650 4 |a metóda najmenších štvorcov  |2 slo 
650 4 |a non-uniform grid  |2 eng 
650 4 |a direct implicit-explicit method  |2 eng 
650 4 |a finite volume method  |2 eng 
650 4 |a advection equation  |2 eng 
650 4 |a explicit method  |2 eng 
650 4 |a indirect-iterative semi-implicit method  |2 eng 
650 4 |a bilinear interpolation  |2 eng 
650 4 |a diamond cell method  |2 eng 
650 4 |a least square method  |2 eng 
700 1 |a Mikula, Karol  |u 010220  |k Z1  |4 ths  |U SvF Stavebná fakulta  |T SvF Katedra matematiky a deskriptívnej geometrie  |X 782  |U V220  |Y 23  |7 A000000782 
856 4 |u http://is.stuba.sk/zp/portal_zp.pl?podrobnosti=136569 
856 4 |u https://opac.crzp.sk/?fn=detailBiblioForm&sid=BCB1C6D618A1774C89DAC75E7FBF